Boleros en La Habana

Saved in:
Bibliographic Details
Main Author: Ampuero, Roberto (Author)
Format: Book
Language:Spanish
Published: Santiago Planeta 2001
Edition:3a. ed
Series:Bolsillo
Subjects:
Tags: Add Tag
No Tags, Be the first to tag this record!

MARC

LEADER 00000nam a2200000 a 4500
001 UCN5182
003 CL-VaPUC
008 010824e20010000CL |||||||||||||||||spa|d
082 0 4 |a Ch863  |b AMP  |2 21 
100 0 |a Ampuero, Roberto  |e author  |9 461183 
245 1 0 |a Boleros en La Habana 
250 |a 3a. ed 
300 |a 231 p 
942 |c BK 
945 |d 20010824 00:00:00  |a vberengu 
260 |a Santiago  |b Planeta  |c 2001 
650 0 |a Novelas chilenas   |9 265425 
650 0 |a Literatura chilena   |9 308278 
583 |a last modification  |c 20010824 00:00:00  |k Rodrigo Vera 
490 0 |a Bolsillo 
999 |c 296840  |d 296838 
952 |0 0  |1 0  |4 0  |6 CH_863_000000000000000_AMP_2001  |7 0  |8 A  |9 351037  |a BIBEDU  |b BIBEDU  |d 2019-11-20  |i 3749266  |o Ch863 AMP 2001  |p 3749266  |r 2019-11-20  |w 2019-11-20  |y BK  |k CUE